000 00323nam a2200133Ia 4500
005 20251222144754.0
008 251222s9999||||xx |||||||||||||| ||spa||
020 _a978-958-20-015-1
082 _a153.42/C24
100 _aCampos Arenas, Agustín
245 0 _aPensamiento Crítico:
264 _bMagisterio
942 _cLIB
999 _c19469
_d19469